| 000 | 02558nam a2200289Ia 4500 | ||
|---|---|---|---|
| 003 | OSt | ||
| 005 | 20210714155546.0 | ||
| 008 | 210310t2008 sp gr 000 0dspa d | ||
| 020 | _a9788483224625 | ||
| 040 |
_aCO-JMCR _cCO-JMCR |
||
| 041 | 0 | _aspa | |
| 082 | 0 | 4 |
_a332.632 / _bV697d _223 |
| 100 | 1 |
_aVilariño Sanz, Ángel, _916140 _eautor |
|
| 245 | 1 | 0 |
_aDerivados : _bvalor razonable y contabilidad teoría y casos prácticos / _cÁngel Vilariño Sanz, Jorge Pérez Ramírez y Fernando García Martínez |
| 260 |
_aMadrid : _bPearson Prentice Hall, _c©2008 |
||
| 300 |
_axvii, 470 páginas ; _c24 cm. |
||
| 500 | _aIncluye datos biográficos de los autores. | ||
| 504 | _aBibliografía: página [467]-470 | ||
| 505 | 0 | _aUna breve historia de los derivados -- Instrumentos derivados -- Modelos para la estimulación del valor razonable de los instrumentos financieros derivados -- Riesgos de los instrumentos financieros derivados -- Coberturas y opciones sintéticas -- Aspectos contables de los derivados -- Casos prácticos | |
| 520 | 3 | _aEste texto reúne los principales aportaciones de las tres últimas décadas en los campos interrelacionados de la teoría financiera, los mercados de capitales y la contabilidad empresarial. La obra cubre tanto los productos derivados estándar como los productos estructurados y está escrita para lectores con unos conocimientos básicos de finanzas, matemáticas y contabilidad. El libro incluye numerosos casos prácticos que cubren un amplio espectro de las prácticas financieras habituales. Puede utilizarse como referencia para cursos de posgrados o como manual de ayuda y consulta para profesionales, que abarca a contables , analistas de valores responsables de préstamos, analistas de riesgos, inversiones, directivos y todos aquellos que tomen decisiones a partir de datos financieros. Unos y otros encontrarán en este libro una exposición de los instrumentos derivados más relevantes y sus criterios de valoración, junto con la herramienta esencial de la contabilidad por partida doble, como el asiento del libro diario y los flujos de efectivo. La referencia casi constante a los estados financieros provee al libro de una sensación de realidad que favorece el interés, la motivación, la comprensión y el aprendizaje. | |
| 650 | 1 | 4 |
_aSeguridad derivada _916142 |
| 650 | 2 | 4 |
_aContabilidad _97829 |
| 650 | 2 | 4 |
_aValores derivados _xContabilidad _938458 |
| 700 | 1 |
_aPérez Ramírez, Jorge, _eautor _938459 |
|
| 700 | 1 |
_aGarcía Martínez, Fernando, _eautor _938460 |
|
| 942 |
_2ddc _cBK |
||
| 999 |
_c8032 _d8032 |
||